000
00329nam a2200133Ia 4500
008
210716s2002 xx 000 0 und d
041
_a
eng
082
_a
005.1331 PROG
245
_a
Programming in c++.
250
_a
1
260
_a
Calcutta
_b
CMC Computer Education
_c
2002
300
_a
viii,538,xii
650
_a
C++ Progamming
999
_c
181264
_d
181264